Derecho Eclesiástico I (Record no. 8227)

MARC details
000 -LEADER
campo de control de longitud fija 00993nam a2200277 i 4500
001 - NÚMERO DE CONTROL
campo de control 8227
003 - IDENTIFICADOR DE NÚMERO DE CONTROL
campo de control ES-MaACL
005 - FECHA Y HORA DE LA ÚLTIMA TRANSACCIÓN
campo de control 20250809014622.0
007 - CAMPO FIJO DE DESCRIPCIÓN FÍSICA--INFORMACIÓN GENERAL
campo de control de longitud fija t|
008 - DATOS DE LONGITUD FIJA--INFORMACIÓN GENERAL
campo de control de longitud fija 920310s1990 sp ||||1| spa d
020 ## - NÚMERO INTERNACIONAL ESTÁNDAR DEL LIBRO
Número Internacional Estándar del Libro 84-309-1941-4
080 ## - NÚMERO DE LA CLASIFICACIÓN DECIMAL UNIVERSAL
Número de la Clasificación Decimal Universal 348(02)
080 ## - NÚMERO DE LA CLASIFICACIÓN DECIMAL UNIVERSAL
Número de la Clasificación Decimal Universal 348.1/6(02)
080 ## - NÚMERO DE LA CLASIFICACIÓN DECIMAL UNIVERSAL
Número de la Clasificación Decimal Universal 348.7(02)
100 1# - ENTRADA PRINCIPAL--NOMBRE DE PERSONA
Nombre de persona Vera Urbano, Francisco de Paula.
9 (RLIN) 113966
245 10 - MENCIÓN DEL TÍTULO
Título Derecho Eclesiástico I
Resto del título : cuestiones fundamentales de Derecho Canónico, Relaciones Estado-Iglesias y Derecho Eclesiástico del Estado /
Mención de responsabilidad, etc. Francisco de Paula Vera Urbano ; con la colaboración de Manuel López Aranda.
260 ## - PUBLICACIÓN, DISTRIBUCIÓN, ETC.
Lugar de publicación, distribución, etc. Madrid :
Nombre del editor, distribuidor, etc. Tecnos,
Fecha de publicación, distribución, etc. D.L. 1990.
300 ## - DESCRIPCIÓN FÍSICA
Extensión 372 p. ;
Dimensiones 24 cm.
490 1# - MENCIÓN DE SERIE
Mención de serie Biblioteca universitaria
650 17 - PUNTO DE ACCESO ADICIONAL DE MATERIA--TÉRMINO DE MATERIA
Término de materia o nombre geográfico como elemento de entrada Derecho canónico
Fuente del encabezamiento o término embne
9 (RLIN) 11655
650 17 - PUNTO DE ACCESO ADICIONAL DE MATERIA--TÉRMINO DE MATERIA
Término de materia o nombre geográfico como elemento de entrada Derecho eclesiástico
Fuente del encabezamiento o término embne
9 (RLIN) 11703
700 1# - ENTRADA AGREGADA--NOMBRE PERSONAL
Nombre de persona López Aranda, Manuel.
9 (RLIN) 73407
830 0# - PUNTO DE ACCESO ADICIONAL DE SERIE-TÍTULO UNIFORME
Título uniforme Biblioteca universitaria
9 (RLIN) 177461
852 ## - LOCALIZACIÓN
Ubicación ES-MaACL
Número de control de estantería L-15467
Sublocalización o colección R.119972
Holdings
Estatus retirado Estado de pérdida Estado de daño No para préstamo Biblioteca de origen Biblioteca actual Ubicación en estantería Fecha de adquisición Fuente de adquisición Total de préstamos Signatura topográfica completa Código de barras Visto por última vez Precio de reemplazo Tipo de ítem Koha
        Biblioteca del Ateneo de Madrid Biblioteca del Ateneo de Madrid Depósito 2 17/01/2008     L-15467 1008396 23/02/2023 23/02/2023 Libro impreso